000 01068nmc a2200385 a 4500
003 AR-BaBNM
005 20251128211254.0
008 243020s2001 ||||||||||||||000 | spa||
020 _a950-786-309-5
040 _cAR-BaBNM
100 1 _aCalmels, Daniel
245 1 0 _aEl libro de los pies
_bmemoriales de un cuerpo fragmentado
_n1
250 _a1ª ed.
260 _aBuenos Aires
_bBiblos
_c2001
300 0 _a203 p.
_bil., fot.
490 0 _aColección El cuerpo propio
500 0 _aPrimer premio de ensayo Fondo Nacional de las Artes 2000
500 0 _aContiene epílogo en p. 193
504 _aContiene referencias bibliográficas en p. 201
650 4 _aSIMBOLOS
650 4 _aRELACION CUERPO-MENTE
650 4 _aHISTORIA DE LAS COSTUMBRES
650 4 _aSEXUALIDAD
650 4 _aAMOR
650 4 _aZONAS EROGENAS
650 4 _aVINCULO AFECTIVO
650 4 _aESTETICA
650 4 _aMOVIMIENTOS CORPORALES
650 4 _aASTROLOGIA
650 4 _aDANZA
653 0 _aMITOS
653 0 _aEROTISMO
942 _cBK
998 _cEugenia
999 _c18941
_d18941